000 00342nam a2200133Ia 4500
008 190704s9999||||xx |||||||||||||| ||und||
020 _a9780785818052
082 _a903
_bTAY/T
100 _aTaylor, Richard
245 4 _aThe Encyclopedia of Animation Techniques
260 _aNew Jersey
_bChartwell Books
_c2003
300 _a176p
942 _cBK
999 _c6353
_d6353